000 00880nam a2200301Ia 4500
001 48808
003 IT-RoPAU
008 130308s9999 xx 000 0 und d
040 _aIT-RoPAU
040 _cIT-RoPAU
041 _aFRANCESE
100 _aRicoeur Paul
100 _gCodice Aut. SPICS: 2052
245 _aFiguration et configuration-A propos du Maupassant de A.J. Greimas
245 _bExigences et Perspectives de la Semiotique-2 Volumi
250 _a1a ed.
260 _aAMSTERDAM
260 _bJohn Benjamins Publishing
260 _c1985 [1° Ed.:1985 - Ed.Ling.Originale:1985]
300 _a"9 p. (prefazione: no ; testo: 9 [pagine: 801-809])"
500 _aFigurazione e configurazione Maupassant di A.J. Greimas
650 _aSEMIOLOGIA
650 _eCodice materia Spics: 3251
942 _cBK
957 _71
999 _c40753
_d40753
999 _bSI
999 _g1